000
00291nam a22001337a 4500
008
190205b xxu||||| |||| 00| 0 eng d
020
_a
0324275285
041
_a
eng
080
_2
6th
_a
338
100
_a
53
101
_a
MEN
245
_a
Strategic Management
_c
Hitt,M.A
942
_2
udc
_c
BK
999
_c
53959
_d
53959